European Countries by Population - Statistics

General Stats
  • This quiz has been taken 29 times
  • The average score is 39 of 45
Answer Stats
Population Letter Country % Correct
65,273,511 F France
100%
83,783,942 G Germany
100%
60,461,826 I Italy
100%
37,846,611 P Poland
100%
10,196,709 P Portugal
100%
145,934,462 R Russia
100%
46,754,778 S Spain
100%
67,886,011 U United Kingdom
100%
9,660,351 B Belarus
96%
11,589,623 B Belgium
96%
10,423,054 G Greece
96%
17,134,872 N Netherlands
96%
19,237,691 R Romania
96%
43,733,762 U Ukraine
96%
10,708,981 C Czech Republic
92%
10,099,265 S Sweden
92%
9,006,398 A Austria
88%
9,449,323 H Hungary
88%
77,265 A Andorra
84%
6,948,445 B Bulgaria
84%
5,792,202 D Denmark
84%
5,540,720 F Finland
84%
38,128 L Liechtenstein
84%
4,033,963 M Moldova
84%
39,242 M Monaco
84%
5,421,241 N Norway
84%
33,931 S San Marino
84%
6,908,102 S Serbia
84%
4,105,267 C Croatia
80%
4,937,786 I Ireland
80%
2,722,289 L Lithuania
80%
625,978 L Luxembourg
80%
441,543 M Malta
80%
5,459,642 S Slovakia
80%
8,654,622 S Switzerland
80%
801 V Vatican
80%
2,877,797 A Albania
76%
1,326,535 E Estonia
76%
3,280,819 B Bosnia and Herzegovina
72%
341,243 I Iceland
72%
1,886,198 L Latvia
72%
2,083,374 N North Macedonia
72%
2,078,938 S Slovenia
72%
1,873,102 K Kosovo
68%
628,066 M Montenegro
68%
No matching quizzes found
Score Distribution
Percent of People with Each Score
Percentile by Number Answered
Your Score History
You have not taken this quiz